000 00995cam a22003015a 4500
001 016588504
003 OSt
005 20201128021402.0
008 131125t2014 enka frbd 001 0 eng d
020 _a9780077157487 (pbk.)
020 _a0077157486 (paperback)
040 _aStDuBDS
_beng
_cStDuBDS
_dUk
_dEG-ScBUE
082 0 4 _a658.0072
_222
_bBLU
100 1 _aBlumberg, Boris.
_938986
245 1 0 _aBusiness research methods /
_cBoris F. Blumberg, Donald R. Cooper and Pamela S. Schindler.
250 _a4th ed.
260 _aBershire ;
_aNew York :
_bMcGraw-Hill Education,
_cc.2014.
300 _axix, 119 p. :
_bill. (col.) ;
_c27 cm.
500 _aIndex : p. 501-119.
500 _aGlossary : p. 478-500.
504 _aIncludes bibliographical references.
650 7 _aBusiness
_xResearch
_xMethodology.
_2BUEsh
_91465
651 _2BUEsh
653 _bBUSADM
_cJune2015
_cAugust2015
_cJanuary2016
700 1 _aCooper, Donald R.,
700 1 _aSchindler, Pamela S.,
942 _2ddc
999 _c20044
_d20016